000 00439nmm a2200157Ia 4500
008 251105s9999||||xx |||||||||||||||||und||
041 _aspa
100 _aVerne, Jules
245 0 _aCinco semanas en globo
264 _a[Madrid, España] :
_bSaga Egmont,
_c2020
300 _a287 páginas
490 _aWorld Classics
650 _aScience fiction & Fantasy
856 _uhttps://public.digitaliapublishing.com/a/99879
942 _cCF
999 _c100998
_d100998